Notas para el estudio de la trayectoria del análisis social en Puerto Rico en base al desarrollo de las clases sociales y sus conflictos, 1880-1933
Guardat en:
| Autor principal: | |
|---|---|
| Format: | Text |
| Publicat: |
San José :
|
| Etiquetes: |
Afegir etiqueta
Sense etiquetes, Sigues el primer a etiquetar aquest registre!
|
MARC
| LEADER | 00000 a a2200000 04500 | ||
|---|---|---|---|
| 001 | 17717 | ||
| 003 | |||
| 040 | |||
| 090 | |a 000700 | ||
| 100 | |a Quintero Rivera, Angel G. | ||
| 245 | |a Notas para el estudio de la trayectoria del análisis social en Puerto Rico en base al desarrollo de las clases sociales y sus conflictos, 1880-1933 | ||
| 260 | |a San José : | ||
| 300 | |a 19 p | ||
| 999 | |c 11874 |d 11874 | ||
